Hunger Games Countdown Quiz Stats

Quiz Updated Nov 12, 2015

Challenge
Share
Tweet
Embed
Score 0/55 Timer 10:00
0 Plays Today
% Correct
Katniss
94.7%
Katniss
94.7%
Katniss Everdeen
92.9%
Peeta
92.6%
Peeta
92.5%
President Coriolanus Snow
87.6%
Primrose Everdeen
85%
Gale
78.9%
Gale Hawthorne
78.9%
Finnick
77.1%
Finnick
77.1%
Suzanne Collins
76%
Cinna
72.7%
President Alma Coin
71.6%
President Alma Coin
71.5%
Johanna
69.8%
Blood Rain
66.1%
Plutarch Heavensbee
65.6%
Monkey Muttations
65.6%
Poisonous Fog
65.4%
Beetee
65%
Seneca Crane
63%
Lightning
61.2%
Cato
60.7%
Wave
59.5%
Jabberjays
54.7%
Marvel
51.5%
Glimmer
49.1%
% Correct
Octavia
48.6%
Enobaria
47.1%
Boggs
46.6%
Flavius
44.9%
The Games
37.3%
Leeg 1
36.3%
Leeg 2
36.3%
Venia
35.5%
Beast
34.8%
Gloss
33.1%
Jackson
32.1%
President Paylor
31.4%
Insects
30.3%
Posy Hawthorne
29.1%
Rory Hawthorne
27.3%
Hazelle Hawthorne
27.2%
The Victor
25.6%
Mitchell
25.5%
Vick Hawthorne
23.5%
Homes
22.3%
The Tributes
21.3%
The Quell
19.6%
The Assassin
17.1%
The Spark
16.3%
The Ashes
15.2%
The Assault
13.2%
The Enemy
12.9%

You're not logged in!

Compare scores with friends on all Sporcle quizzes.
Sign Up with Email
OR
Log In

You Might Also Like...

Show Comments

Extras

Top Quizzes Today


Score Distribution

Your Account Isn't Verified!

In order to create a playlist on Sporcle, you need to verify the email address you used during registration. Go to your Sporcle Settings to finish the process.